| 000 | 00383nam a22001337a 4500 | ||
|---|---|---|---|
| 082 | _a621.38153 AMO'P | ||
| 100 |
_aAMOS, S. W _957358 |
||
| 245 | _aPRINCIPLES OF TRANSISTOR CIRCUITS INTRODUCTION TO THE DESIGN OF AMPLIFIERS RECEIVRS AND OTHER CIRCUITS | ||
| 250 | _a3RD | ||
| 260 |
_aLONDON _bILIFFE _c1965 |
||
| 300 | _a293P | ||
| 650 |
_aTRANSISTOR CIRCUITS. _912572 |
||
| 942 | _cBK | ||
| 999 |
_c584996 _d584996 |
||